Performance assessment of the emplyees in the selected company bakalárska práca

Na minha lista:
Detalhes bibliográficos
Autor principal: Marettová, Mária
Autor Corporativo: Podnikovohospodárska fakulta EU so sídlom v Košiciach. Katedra manažmentu
Outros Autores: Mihalčová, Bohuslava, 1963-
Formato: Livro
Idioma:inglês
Publicado em: Košice 2012
Tags: Adicionar Tag
Sem tags, seja o primeiro a adicionar uma tag!

MARC

LEADER 00000nbm a2200000 4500
001 0155568
005 20161109111901.1
041 0 |a eng 
044 |a SK 
245 1 0 |a Performance assessment of the emplyees in the selected company  |b bakalárska práca  |c Mária Marettová ; školiteľ: Bohuslava Mihalčová 
264 1 |a Košice  |c 2012 
300 |a 52 s. 
100 1 |a Marettová, Mária 
700 1 |a Mihalčová, Bohuslava, 1963- 
710 2 |a Podnikovohospodárska fakulta EU so sídlom v Košiciach. Katedra manažmentu